000 00269nam a22001337a 4500
008 210226b ||||| |||| 00| 0 eng d
041 _aeng
080 _a610.73
082 _a610.73
100 _a1
101 _a1
245 _aThe Basics
_cKaplan
942 _2udc
_cBK
999 _c55269
_d55269